Statistics for WSL Women's Championship Tour champions

Click here to take the quiz!

General Stats

  • This quiz has been taken 5 times
  • The average score is 21 of 43

Answer Stats

YearName% Correct
2019Carissa Moore
100%
2015Carissa Moore
100%
2013Carissa Moore
100%
2011Carissa Moore
100%
2014Stephanie Gilmore
80%
2012Stephanie Gilmore
80%
2010Stephanie Gilmore
80%
2009Stephanie Gilmore
80%
2008Stephanie Gilmore
80%
2007Stephanie Gilmore
80%
2018Stephanie Gilmore
80%
2017Tyler Wright
80%
2016Tyler Wright
80%
2001Layne Beachley
60%
1999Layne Beachley
60%
2000Layne Beachley
60%
1998Layne Beachley
60%
2002Layne Beachley
60%
2006Layne Beachley
60%
2003Layne Beachley
60%
1997Lisa Andersen
40%
1996Lisa Andersen
40%
1995Lisa Andersen
40%
1994Lisa Andersen
40%
2005Chelsea Georgeson
20%
1982Debbie Beacham
20%
1986/87Freida Zamba
20%
1988Freida Zamba
20%
1985/86Freida Zamba
20%
1984/85Freida Zamba
20%
1983/84Kim Mearig
20%
1978Lynn Boyer
20%
1979Lynn Boyer
20%
1981Margo Oberg
20%
1980Margo Oberg
20%
1977Margo Oberg
20%
1990Pam Burridge
20%
1993Pauline Menczer
20%
2004Sofia Mulanovich
20%
1987/88Wendy Botha
20%
1991Wendy Botha
20%
1992Wendy Botha
20%
1989Wendy Botha
20%

Score Distribution

Percentile by Number Answered

Percent of People with Each Score

Your Score History

You have not taken this quiz